Ambiguity prevails (Record no. 81988)

MARC details
000 -LEADER
fixed length control field 00689cab a22002055a 4500
001 - CONTROL NUMBER
control field L148885
008 - FIXED-LENGTH DATA ELEMENTS--GENERAL INFORMATION
fixed length control field 091123e20090926xxk f 000 0 eng d
035 ## - SYSTEM CONTROL NUMBER
System control number (Sirsi) u148885
041 0# - LANGUAGE CODE
Language code of text/sound track or separate title eng
100 1# - MAIN ENTRY--PERSONAL NAME
Personal name Weekes, Tom
245 00 - TITLE STATEMENT
Title Ambiguity prevails
260 ## - PUBLICATION, DISTRIBUTION, ETC.
Date of publication, distribution, etc. 2009
490 ## - SERIES STATEMENT
Series statement Estates Gazette
Volume/sequential designation (0938) 26 September 2009, 104 (1)
520 ## - SUMMARY, ETC.
Summary, etc. Analyses the possibility of altering fraudulent registrations on the Land Registry. Highlights that the jurisdiction to correct them is not clear.
590 ## - LOCAL NOTE (RLIN)
Local note KA
651 #4 - SUBJECT ADDED ENTRY--GEOGRAPHIC NAME
Geographic name United Kingdom
Chronological subdivision
690 ## - LOCAL SUBJECT ADDED ENTRY--TOPICAL TERM (OCLC, RLIN)
Topical term or geographic name as entry element PROPERTY-PROPERTY ACQUISITION AND DISPOSAL-REGISTRATION OF TITLE TO PROPERTY
700 1# - ADDED ENTRY--PERSONAL NAME
Personal name Wortley, Stuart
942 ## - ADDED ENTRY ELEMENTS (KOHA)
Suppress in OPAC 0
Holdings
Withdrawn status Lost status Source of classification or shelving scheme Damaged status Not for loan Home library Current library Shelving location Date acquired Total Checkouts Full call number Barcode Date last seen Copy number Price effective from Koha item type
    Dewey Decimal Classification     London London Journal article 23/11/2009   L148885 148885-1001 06/08/2019 1 06/08/2019 Journal article